Perspectives in agricultural geography: Human dimension in agriculture. V 5. (Record no. 36600)

MARC details
000 -LEADER
fixed length control field 00400nam a2200133Ia 4500
082 ## - DEWEY DECIMAL CLASSIFICATION NUMBER
Classification number 631:911
Item number NOO.5
245 #0 - TITLE STATEMENT
Title Perspectives in agricultural geography: Human dimension in agriculture. V 5.
260 ## - PUBLICATION, DISTRIBUTION, ETC. (IMPRINT)
Place of publication New Delhi
Name of publisher Concept
Year of publication 1981
650 ## - SUBJECT ADDED ENTRY--TOPICAL TERM
Topical Term Agricultural geography
650 ## - SUBJECT ADDED ENTRY--TOPICAL TERM
Topical Term Agricultural resources
700 ## - ADDED ENTRY--PERSONAL NAME
Personal name NOOR MOHAMMED
942 ## - ADDED ENTRY ELEMENTS (KOHA)
Koha item type Books
Holdings
Withdrawn status Lost status Damaged status Not for loan Home library Current library Date acquired Full call number Accession Number Koha item type
        RRII Library RRII Library 16/12/2021 631:911 NOO.5 17003 Books